| 000 | 00644nam a2200205 a 4500 | ||
|---|---|---|---|
| 005 | 20240228064132.0 | ||
| 008 | 140521s2007 cl r 000 0 spa d | ||
| 020 | _a9789583026072 | ||
| 035 | _aUPN01000197401 | ||
| 049 | _aI | ||
| 050 | 4 |
_aPZ7 _bM6.7 |
|
| 100 | 1 |
_aMoss, Miriam _935604 |
|
| 245 | 1 | 0 |
_aRenata la gruñona / _cMiriam Moss ; il. Linne Chapman ; tr. María José Montoya Durana. |
| 260 |
_aBogotá : _bPanamericana, _c2007. |
||
| 300 |
_a23 p. : _bil. col. |
||
| 650 | 4 |
_aCuentos infantiles ingleses _910002 |
|
| 650 | 0 |
_aAnimales _vCuentos y leyendas _9234 |
|
| 650 | 4 |
_aLibros y lectura para niños _92290 |
|
| 905 | _aInfantil | ||
| 999 |
_c169502 _d169502 |
||